Представление документа в формате MARC21

Поле Инд. ПП Название Значение
Тип записи a
Библиографический уровень m
001 Контрольный номер RU/IS/BASE/264536090
005 Дата корректировки 20260601174225.0
008 Кодируемые данные 19960322
040 00 e Правила каталог. Л 960322
041 0_ a Код языка текста rus
084 a Индекс другой классификации/Индекс ББК 81г; 81.0; 87.224.2; 81.006
090 00 a Полочн. индекс 81г
x Авторский знак З-43
097 00 a 240
100 10 a Автор Звегинцев В. А.
q Полное имя Звегинцев Владимир Андреевич
245 00 a Заглавие История языкознания XIX - XX веков в очерках и извлечениях
n Номер части/ раздела Ч.2
250 00 a Основные сведения об издании 3-е изд., доп.
260 00 a Место издания Москва
b Издательство Просвещение
c Дата издания 1965
300 00 a Объем 496 с.
336 a Термин вида содержания Текст
337 a Термин типа средства непосредственный
504 a Библиография Прил.
505 0_ a Форматированное содержание О понятии и методе всеобщей грамматики и философии языка
b Автор Марти A.
505 0_ a Форматированное содержание Различие между «речью» и «языком»
b Автор Гардинер A.
505 0_ a Форматированное содержание Теория языка (Извлечения)
b Автор Бюлер К.
505 0_ a Форматированное содержание Общая лингвистика и французская лингвистика (Введение)
b Автор Балли Ш.
505 0_ a Форматированное содержание Три соссюровские лингвистики
b Автор Сеше А.
505 0_ a Форматированное содержание Об асимметричном дуализме лингвистического знака
b Автор Карцевский С.
505 0_ a Форматированное содержание Структуральная лингвистика
b Автор Брёндаль В.
505 0_ a Форматированное содержание Понятие управления (Извлечение)
b Автор Ельмслев Л.
505 0_ a Форматированное содержание Тезисы Пражского лингвистического кружка
505 0_ a Форматированное содержание Куда мы пришли в языкознании
b Автор Матезиус В.
505 0_ a Форматированное содержание Копенгагенский структурализм и «Пражская школа»
b Автор Скаличка В.
505 0_ a Форматированное содержание К дискуссии по вопросам структурализма
b Автор Трнка Б.
505 0_ a Форматированное содержание Введение к «Руководству по языкам американских индейцев» (Извлечения)
b Автор Боас Ф.
505 0_ a Форматированное содержание Язык (Глава «Употребление языка»)
b Автор Блумфильд Л.
505 0_ a Форматированное содержание Метод в структуральной лингвистике (Раздел: «Методологические предпосылки»)
b Автор Xэррис З. С.
505 0_ a Форматированное содержание Положение лингвистики как науки
b Автор Сепир Э.
505 0_ a Форматированное содержание Отношение норм поведения и мышления к языку
b Автор Уорф Б. Л.
505 0_ a Форматированное содержание Объективная и нормативная точки зрения на язык
b Автор Пешковский А. М.
505 0_ a Форматированное содержание О задачах истории языка
b Автор Винокур Г. О.
505 0_ a Форматированное содержание Историческое языкознание и языковая политика
b Автор Поливанов Е. Д.
505 0_ a Форматированное содержание Извлечения из работ
b Автор Марр Н. Я.
505 0_ a Форматированное содержание Введение к книге «Общее языкознание»
b Автор Мещанинов И. И.
505 0_ a Форматированное содержание О трояком аспекте языковых явлений и об эксперименте в языкознании
b Автор Щерба Л. В.
505 0_ a Форматированное содержание Значение лингвистических универсалий для языкознания
b Автор Якобсон Р.
505 0_ a Форматированное содержание Основы общей лингвистики
b Автор Мартине А.
505 0_ a Форматированное содержание Лингвистика и теория знака
b Автор Курилович Е.
505 0_ a Форматированное содержание Лингвистика и теория связи
b Автор Якобсон Р.
505 0_ a Форматированное содержание Логика как средство познания синтаксических явлений
b Автор Куайн В.
505 0_ a Форматированное содержание Синтаксические структуры (Извлечения)
b Автор Xомский Н.
505 0_ a Форматированное содержание Насущные задачи структурной лингвистики
b Автор Шаумян С. К.
600 14 a Персоналии Ленин Владимир Ильич
a Персоналии Маркс Карл
a Персоналии Марти Антон
a Персоналии Соссюр Фердинанд де
a Персоналии Энгельс Фридрих
650 04 a Основная рубрика филологические науки
a Основная рубрика языкознание
653 00 a Ключевые слова XIX век
a Ключевые слова XX век
a Ключевые слова американские индейцы
a Ключевые слова глоссематика
a Ключевые слова грамматика
a Ключевые слова дескриптивная лингвистика
a Ключевые слова Женевская лингвистическая школа
a Ключевые слова знаковость языка
a Ключевые слова индейцы
a Ключевые слова история языкознания
a Ключевые слова копенгагенский структурализм
a Ключевые слова лингвистика универсалий
a Ключевые слова лингвистические направления
a Ключевые слова логический синтаксис
a Ключевые слова методология языкознания
a Ключевые слова мышление
a Ключевые слова новейшее время
a Ключевые слова новое время
a Ключевые слова нормативность
a Ключевые слова общее языкознание
a Ключевые слова объективность
a Ключевые слова поведение
a Ключевые слова Пражская лингвистическая школа
a Ключевые слова предмет языкознания
a Ключевые слова природа языка
a Ключевые слова психологические теории языка
a Ключевые слова речь
a Ключевые слова советское языкознание
a Ключевые слова структурализм
a Ключевые слова структурная модель языка
a Ключевые слова сущность языка
a Ключевые слова теория языка
a Ключевые слова универсализм
a Ключевые слова философия языка
a Ключевые слова французская лингвистика
a Ключевые слова функциональная лингвистика
a Ключевые слова эксперимент
a Ключевые слова этнолингвистика
a Ключевые слова язык
a Ключевые слова языковая политика
787 18 w Контрольный номер связываемой записи RU/IS/BASE/264536091
901 t Тип документа m
952 a Тип литературы для КСУ ВШ НАУ